The Last Time Every NFL Team Made the Playoffs - Statistics

General Stats
  • This quiz has been taken 101 times
  • The average score is 26 of 32
Answer Stats
Most Recent Year Division Record that Year Team % Correct
2022 AFC West 14-3 Kansas City Chiefs
99%
2022 NFC East 14-3 Philadelphia Eagles
97%
2022 AFC East 13-3 Buffalo Bills
94%
2022 AFC North 12-4 Cincinnati Bengals
91%
2022 NFC East 12-5 Dallas Cowboys
91%
2022 NFC North 13-4 Minnesota Vikings
91%
2022 NFC West 13-4 San Francisco 49ers
90%
2022 AFC North 10-7 Baltimore Ravens
89%
2022 AFC South 9-8 Jacksonville Jaguars
89%
2022 AFC West 10-7 Los Angeles Chargers
87%
2022 NFC East 9-7-1 New York Giants
87%
2022 NFC West 9-8 Seattle Seahawks
87%
2021 NFC North 13-4 Green Bay Packers
85%
2021 NFC West 12-5 Los Angeles Rams
85%
2022 AFC East 9-8 Miami Dolphins
84%
2021 AFC East 10-7 New England Patriots
84%
2022 NFC South 8-9 Tampa Bay Buccaneers
84%
2021 AFC West 10-7 Las Vegas Raiders
82%
2021 AFC South 12-5 Tennessee Titans
82%
2021 NFC West 11-6 Arizona Cardinals
80%
2021 AFC North 9-7-1 Pittsburgh Steelers
80%
2020 AFC North 11-5 Cleveland Browns
78%
2020 AFC South 11-5 Indianapolis Colts
76%
2020 NFC South 12-4 New Orleans Saints
76%
2020 NFC North 8-8 Chicago Bears
73%
2016 NFC North 9-7 Detroit Lions
72%
2010 AFC East 11-5 New York Jets
72%
2017 NFC South 10-6 Atlanta Falcons
71%
2015 AFC West 12-4 Denver Broncos
71%
2019 AFC South 10-6 Houston Texans
71%
2017 NFC South 11-5 Carolina Panthers
70%
2020 NFC East 7-9 Washington Commanders
70%
No matching quizzes found
Score Distribution
Percent of People with Each Score
Percentile by Number Answered
Your Score History
You have not taken this quiz